000 01325cam a2200349 a 4500
999 _c67221
_d67221
001 15578931
003 ARRUPE
005 20170529123350.0
008 090108s2008 sa b 001 0 eng d
010 _a 2008544946
015 _aGBA8A1350
_2bnb
016 7 _a014697743
_2Uk
020 _a9781770220287 (pbk.)
020 _a1770220283 (pbk.)
035 _a(OCoLC)ocn244314805
040 _aUKM
_cUKM
_dBTCTA
_dYDXCP
_dCLU
_dTXA
_dDLC
042 _alccopycat
043 _af-sa---
050 0 0 _aDT1975
_b.P68 2008
100 1 _aPottinger, Brian.
_931494
245 1 4 _aThe Mbeki legacy /
_cBrian Pottinger.
260 _aCape Town :
_bZebra Press ;
_aLondon :
_bNew Holland [distributor],
_c2008.
300 _axii, 346 p. ;
_c23 cm.
504 _aIncludes bibliographical references and index.
600 1 0 _aMbeki, Thabo.
_931492
651 0 _aSouth Africa
_xHistory
_y1994-
_931495
651 0 _aSouth Africa
_xPolitics and government
_y1994-
_931496
651 0 _aSouth Africa
_xEconomic conditions
_y21st century.
_931497
651 0 _aSouth Africa
_xSocial conditions
_y21st century.
_931498
906 _a7
_bcbc
_ccopycat
_d3
_encip
_f20
_gy-gencatlg
942 _2lcc
_cMONOGRAPH